[Event "Reggio Emilia 54th"]
[Site "Reggio Emilia"]
[Date "2012.01.06"]
[Round "10"]
[White "Ivanchuk, Vassily"]
[Black "Nakamura, Hikaru"]
[Result "1-0"]
[WhiteElo "2775"]
[BlackElo "2758"]
[Annotator "Marin,M"]
[PlyCount "133"]
[EventDate "2011.12.27"]
[EventType "tourn"]
[EventRounds "10"]
[EventCountry "ITA"]
[EventCategory "20"]
[SourceTitle "CBM 146"]
[Source "ChessBase"]
[SourceDate "2012.01.18"]
[SourceVersion "1"]
[SourceVersionDate "2012.01.18"]
[SourceQuality "1"]

1. e4 e5 2. Nf3 Nc6 3. Bb5 Nf6 4. O-O Nxe4 5. d4 Nd6 6. Bxc6 dxc6 {Funny
coincidence! In the last round of the Bazna 2011 tournament, Nakamura also
chose to play with doubled pawns against Ivanchuk (who was just as out of form
as in Reggio), and failed to hold a slightly worse ending.} 7. dxe5 Nf5 8.
Qxd8+ Kxd8 9. Nc3 Ke8 10. h3 h5 11. Rd1 (11. Bg5 Be6 12. Rfd1 {Svidler,P (2735)
-Leko,P (2735)/Astrakhan 2010/CBM 137/[Marin,M] (1/2, 28)}) (11. Bf4 Be7 12.
Rad1 Be6 13. Ng5 Rh6 {Anand,V (2817)-Nakamura,H (2753)/Sao Paulo/Bilbao 2011/
CBM 145/[Edouard,R] (1/2, 36)}) 11... Be7 12. Ne2 (12. Ne4 Bd7 13. b3 h4 14.
Bg5 {Polgar,J (2699)-Karjakin,S (2788)/Khanty-Mansiysk 2011/CBM 145/[Ftacnik] 
(1-0, 49)}) 12... Bd7 $6 $146 {A somewhat slow plan of solving the problem of
the unconnected rooks by exchanging one of them.} (12... Be6 13. Nf4 Bc8 14. b3
g5 15. Ne2 Rg8 {Timofeev,A (2690)-Pashikian,A (2639)/Khanty Mansiysk 2010/CBM
139/[Marin,M] (0-1, 43)}) 13. Bg5 Rd8 14. Nf4 Bc8 ({Now and on the next moves,
it would not be possible to trap the bishop with} 14... f6 {because of the
intermediate} 15. Ng6 Rg8 ({After} 15... fxg5 16. Nxh8 {there is no way to
prevent the knight from coming out. The threat is Ng6xe7, while the bishop
cannot move because it has to defend g5, which is supposed to keep the net
tight against the knight.}) 16. Nxe7 Kxe7 17. Bf4 $14) 15. Rxd8+ Kxd8 16. Rd1+
Ke8 17. g3 Rh7 $5 {Finally creating the threat of ...f6, thus inducing the
following exchange.} ({A similar position could have been reached after} 17...
Bxg5 18. Nxg5 Rh6 19. h4 c5 20. c3 a5 {The only difference comes from the
black knight's placement. It is understandable that Nakamura preferred to keep
the d5-square defended, although} 21. Nd5 Rc6 {is nothing special for White.})
18. Bxe7 Nxe7 19. Ng5 Rh6 20. h4 {Tying the rook up to the defence of the
h5-pawn.} c5 21. c3 a5 22. Rd2 Be6 {There was no way of transferring the rook
to the queenside, but Black can use the third rank activity to occupy the
blocking e6-square. Still, the resulting ending is very much on the edge for
Black.} ({Maybe he should have preferred something neutral such as} 22... a4) (
{or} 22... Bf5 {, leaving White with the task of proving an active plan.}) 23.
Ngxe6 (23. a3 Bc4) (23. b3 Bf5 $5 {[%csl Ga2,Gb3]}) 23... fxe6 {Berlin Wall
specialists tend to know by heart which endings are drawn and which are
dangerous for them. I am not sure of having seen this ending before, R + N vs
R + N. Nakamura defended well in the next phase of the game, but Ivanchuk's
play could be improved upon in at least two ways suggested by Rainer Knaak.}
24. Kg2 Nc6 25. Re2 Nd8 {There was little to be done on the queenside, so that
the knight hurries to contribute to the kingside stability.} 26. Kh3 ({Rainer
Knaak suggested the king's transfer to e4 as an improvement. Here is a
possible continuation:} 26. Kf3 Nf7 27. Re1 Ke7 28. Ke4 Ke8 29. a4 Ke7 30. b3 {
White will need the d3-square for his knight slightly later.} b6 31. Rh1 Kf8
32. f3 Ke7 33. Nd3 {Black's aim at preventing being pushed back would have
been be ...g5 at a slightly earlier moment, aiming for a repetition with ...
Ng5+ Ke3 ...Nf7 (><e5) Ke4. Still this also weakens h5, so the active defence
may well fail.} Rh8 34. g4 hxg4 35. fxg4 Ng5+ 36. Kf4 Nf7 37. g5 {and White
kept making progress.}) 26... Nf7 27. Re3 Kd7 (27... g5 $2 28. hxg5 Nxg5+ 29.
Kh4 $18) 28. f3 b6 29. a3 Kc6 {Not really threatening with queenside
counterplay, but just marking time.} 30. g4 ({In principle, it would be nice
to carry out this pawn break at a moment when ...hxg4 can be adequately met
with fxg4. White needs to retreat the knight from f4, but not before taking
the d5-square under control in order to safely prevent ...Kd5. Here is a
possible line:} 30. c4 a4 31. Nd3 Rh8 32. g4 hxg4+ 33. fxg4 Kd7 34. Kg3 Ke7 35.
g5 Rd8 $132 {Black's counterplay is stronger than White would have wished,
which explains Ivanchuk's decision to keep his knight on f4, defending the
fourth rank and preventing the rook's activation.}) 30... hxg4+ 31. Kxg4 ({
As strange as it may seem, after} 31. fxg4 g5 32. Nh5 Rg6 {the weakness of the
e5-pawn causes White big problems with making progress:} 33. Nf6 gxh4 34. Kxh4
Rg5) 31... Kd7 $1 {The king retreats to the defence of the e6-pawn, an
essential defensive step.} (31... Kb5 $6 32. h5 (32. Re4 $5) 32... Nh8 (32...
Kc4 33. Ng6 Kb3 34. Re2 b5 35. f4 $40 Rh7 $6 {[%cal Gf7h6,Gh6f5]} 36. Nf8 $1)
33. Re2 (33. Rd3 $6 Nf7 34. Ng6 $2 Rxg6+ $1) 33... Kc6 34. Rd2 Nf7 35. Ng6 $16
{[%cal Gf3f5]}) 32. h5 Rh8 33. Rd3+ Kc6 34. Ng6 Re8 {This is Black's best
regrouping. The rook guards e7, and the king prevents Rd7. Surprisingly, the
knight alone should be able to defend the kingside.} (34... Rd8 $2 35. Ne7+ $1
Kb5 36. Rxd8 Nxd8 37. Kg5 $18) 35. f4 $2 {As pointed out by Rainer Knaak, this
move unnecessarily takes the f4-square away from his own knight.} ({White
could have played a consolidating move like} 35. a4 {and then put Black in a
series of partial zugzwangs:} Nh6+ (35... Rb8 $2 36. Ne7+ Kb7 37. f4 Re8 38.
Rd7 $16) 36. Kf4 Nf7 37. Rd2 Nh6 38. Ke4 Nf5 39. Rg2 Kd7 40. Nf4 {Black cannot
hold his position any more.} Re7 41. Nxe6 $1 Nd6+ $8 (41... Kxe6 42. Rg6+ $18)
42. exd6 Rxe6+ 43. Kd3 (43. Kf5 Rf6+) 43... Rxd6+ 44. Kc4 {with good winning
chances.}) 35... b5 36. a4 Nh6+ 37. Kg5 Nf7+ 38. Kh4 b4 {Not spoiling anything
yet, but giving up any hopes for counterplay.} (38... bxa4 $5 39. c4 Nh6 40.
Ra3 Nf5+ 41. Kg5 Rb8 $132) 39. c4 Nh6 40. Kg5 Nf7+ 41. Kg4 Nh6+ 42. Kh4 {
It may seem that Black is in some sort of zugzwang, but there are moves left
still. The only way to find them is by the method of elimination.} Nf7 $2 (
42... Rb8 $2 43. Ne7+ Kb7 44. Rg3 Re8 45. Rxg7 Rxe7 46. Rxe7 Nf5+ 47. Kg5 Nxe7
48. h6 $18) (42... Nf5+ $6 43. Kg5 Nd4 (43... Rg8 $2 44. h6 $1 gxh6+ 45. Kf6
$18) (43... Rb8 44. Nh4 $16) (43... Nh6 44. Nh4 $16) 44. h6 gxh6+ 45. Kf6 $36)
(42... Kb7 $1 43. Rd7 (43. Kg5 Nf7+) 43... Kc6 {[%csl Ge7,Gg7,Gh4][%cal Gh6f5]}
) (42... Kb6 $1 {is similar.}) 43. f5 $1 {Grabbing his chance.} exf5 44. Rd5 b3
$6 {Black will fail to generate any queenside counterplay, and the b3-pawn
will be lost soon. It would have been somewhat better to aim for the same
position, but with the pawn on b4.} (44... Nd8 45. Kg5 Ne6+ 46. Kxf5 Nd4+ 47.
Ke4 {Still, White's advantage would be unquestionable.}) 45. Kg3 Ng5 46. Kf4
Ne6+ 47. Kxf5 Nd4+ 48. Ke4 Ne6 49. Rd3 Ng5+ (49... Nd4 50. Nf4 Re7 51. Rg3 $16)
50. Ke3 Ne6 51. Rxb3 Nd4 52. Rd3 Rb8 53. b3 $1 {The pawn is taboo for the time
being, but even its elimination would fail to create a black passed pawn.} Kd7
(53... Rxb3 54. Rxb3 Nxb3 55. Nf8 $1 {[%csl Gd7][%cal Gf8e6]} Nd4 $8 56. Kf4
$18) (53... Nxb3 $2 54. Ne7+ $1 $18) 54. Ke4 c6 (54... Rxb3 55. Rxb3 Nxb3 56.
Nf4 {looks like a very promising (probably won) knight ending.}) 55. Nh4 Ke6
56. Rg3 Kf7 57. Nf5 Ne6 58. Rd3 Ng5+ 59. Kf4 Ne6+ 60. Kg4 Nd4 {A desperate
attempt. The threat of a rook invasion was too strong.} 61. Nxd4 cxd4 62. Rxd4
Rxb3 63. Rd7+ Ke6 (63... Kg8 64. e6 $18) (63... Kf8 64. Kf5 Rf3+ 65. Ke6 $18)
64. Rxg7 Rb4 (64... Kxe5 65. Rg5+ $18 {[%csl Ga5]}) 65. h6 Rxc4+ 66. Kh5 Rc1
67. Rg4 1-0

[Event "Tata Steel-A 76th"]
[Site "Wijk aan Zee"]
[Date "2014.01.18"]
[Round "6"]
[White "Dominguez Perez, Leinier"]
[Black "Nakamura, Hikaru"]
[Result "1/2-1/2"]
[WhiteElo "2754"]
[BlackElo "2789"]
[Annotator "Marin,M"]
[PlyCount "84"]
[EventDate "2014.01.11"]
[EventType "tourn"]
[EventRounds "11"]
[EventCountry "NED"]
[EventCategory "20"]
[SourceTitle "CBM 159"]
[Source "ChessBase"]
[SourceDate "2014.03.17"]
[SourceVersion "1"]
[SourceVersionDate "2014.03.17"]
[SourceQuality "1"]

1. e4 e5 2. Nf3 Nc6 3. Bb5 Nf6 4. O-O Nxe4 5. d4 Nd6 6. Bxc6 dxc6 7. dxe5 Nf5
8. Qxd8+ Kxd8 9. h3 Bd7 10. Rd1 {Both players have had some experience with
this line. The psychological opening duel is made even more interesting by the
fact that the Berlin lines are highly transpositional.} Kc8 ({Deviating for
good from} 10... Ke8 11. Nc3 h6 12. Bf4 Rd8 {Dominguez Perez,L (2757)
-Fressinet,L (2708)/Elancourt 2013/CBM 157/[ChessBase Website] (1/2, 35)}) 11.
g4 Ne7 12. Ng5 Be8 13. f4 b6 ({Nakamura had played the plan based on ...h7-h5
and ...g7-g6 before, but in a completely different move order than in the game:
} 13... h5 14. Kf2 b6 15. f5 Kb7 16. c4 (16. Nc3 hxg4 17. hxg4 Rh2+ 18. Kg3
Rxc2 {Caruana,F (2796)-Adams,M (2740)/Dortmund 2013/CBM 156/[Adams,M] (0-1, 41)
}) 16... c5 17. Bf4 Nc6 18. Nc3 g6 {Giri,A (2737)-Nakamura,H (2772)/Elancourt
2013/CBM 157/[ChessBase Website] (1/2, 39). We see that in this game Nakamura
played ...g7-g6 only after thorough preparation.}) 14. f5 ({If White does not
play this quickly, he may well never get to play it:} 14. Nc3 c5 15. Kf2 h6 16.
Nf3 g6 17. Be3 Bc6 18. a4 Kb7 19. a5 Re8 20. Nd2 Nd5 21. Nxd5 Bxd5 22. Nf3 Be6
23. Rd3 Be7 24. Rad1 h5 25. Kg3 hxg4 26. hxg4 Rh7 $15 {Sutovsky,E (2700)
-Harikrishna,P (2669)/Ningbo 2011/CBM 144 (0-1, 59)}) 14... h5 $146 {This has
not been played before in this concrete position, but the game could have
transposed to known paths later.} (14... c5 15. Nd2 h6 16. Ngf3 Bc6 17. Kf2 Kb7
18. b3 g6 19. f6 Nd5 20. Bb2 Nb4 21. Rdc1 a5 22. a3 Nd5 23. Kg3 g5 24. a4 Nb4
25. Nc4 Be4 26. Ne3 c4 $15 {Caruana,F (2779)-Nakamura,H (2783)/Rhodes 2013/CBM
157 (1/2, 91)}) 15. Kg2 $146 {But I believe that this move also has the right
to be called a novelty!} (15. Kf2 {would take us back to the games mentioned
in the comments to 13...b6, but instead of 15...Kb7, Nakamura might have
played the same way as in the game:} c5 {with similar ideas.}) 15... c5 {
This move clears the c6-square, which makes us think of Nakamura's intention
to activate his bishop. As we will see, though, ...Bc6 is not his main
priority; he actually prepares this square for his knight in view of the
subsequent pawn break. So, unoficially, we could also call the plan behind
this last move a novelty... but then we would really get too many of them in
the same game!} 16. Nc3 g6 17. f6 Nc6 {White has achieved a huge space
advantage, but the main question is whether he can play e5-e6 under favourable
circumstances. If Black manages to block the e-pawn properly, he may even get
an advantage. As we will see, Nakamura's decision to leave his king on c8 is
not casual: in certain lines, ...Bd7 is possible.} 18. Nf3 $6 {Possibly
confronted with a surprise, Dominguez reacts too timidly. His last move
defends the e5-pawn and prevents ...Nd4, but gives up the fight for the
e6-square, at least for a while.} (18. e6 {looks premature:} fxe6 19. Nxe6 Bd7
20. Nxf8 Rxf8 21. g5 Nd4 22. Bf4 Bf5 $132) (18. Bf4 $5 {may be stronger.} Bh6 (
18... Nd4 19. Nce4 {may transpose below}) 19. Nce4 {The last two moves were
directly connected with the e6-square issue. Black now has a choice of plans.}
Nd4 {probably the critical move, but nothing to be scared of.} (19... Kb7 {
is a bit too slow, allowing White to regroup properly:} 20. Kf2 {[%cal Gf2e3]}
(20. c3 Nd8 21. Kf2 Bc6 22. Bg3 Re8 $11) (20. e6 fxe6 21. Nxe6 Bxf4 22. Nxf4
Nd4 $132 {[%cal Ge8c6,Gd4c2,Gc2e3]}) 20... Nd8 21. Ke3 $14 Bc6 $2 22. Rxd8 $1
Rhxd8 23. Nxf7 $18) (19... Nd8 20. Kg3 ({A necessary change of plans. If} 20.
Kf2 Bc6 21. Ke3 Bd7 {and the g4-pawn is not easy to defend.}) 20... Kb7 21. h4
$14) 20. Kf2 (20. c3 Bc6 21. cxd4 Bxg5 22. Bxg5 Bxe4+ 23. Kg3 hxg4 24. hxg4 Re8
25. Kf4 Bd5 26. dxc5 c6 {with a reliable blockade on the light squares and a
probable draw.}) 20... Nxc2 21. Rac1 Nb4 (21... Nd4 22. b4) 22. a3 Nc6 23. b4
a5 (23... cxb4 24. axb4 $40 {[%csl Gc7][%cal Ge5e6,Gb4b5]} Bxg5 25. Nxg5 hxg4
26. e6 fxe6 27. f7 Bd7 28. b5 $18) 24. bxc5 b5 25. Ke3 b4 26. e6 $14 {Both
sides have created passed pawns, but White's looks more dangerous.}) 18... Nb4
19. Bf4 Nxc2 20. Rac1 Nb4 21. a3 Nc6 22. Ne4 {The whole sequence is familiar
to us already, but since White will have to go with one of his knights to g5,
we can safely say that he has lost two tempi! Remarkably, Nakamura does not
find the right way of making use of the offered time.} Bd7 $2 {Weakening the
f7-pawn for nothing.} ({Time had come to make some progress with the general
development:} 22... Kb7 $1 23. Neg5 (23. Nfg5 Nd4 {[%cal Gd4e2]}) 23... Nd8 24.
Kg3 Bh6 $132) 23. Neg5 hxg4 $2 {Black comes close to losing now.} (23... Nd8 {
would have been better, but it would not have spared Black problems:} 24. Rxd7
$1 Kxd7 25. e6+ fxe6 (25... Nxe6 26. Ne5+ Kc8 27. Nxe6 fxe6 28. Nxg6 Rg8 29.
gxh5) 26. Ne5+ Kc8 (26... Ke8 27. f7+) 27. Nxg6 Rh6 28. gxh5 $14) 24. hxg4 Bxg4
({After the opening of the h-file, the blockading plan does not work anymore:} 
24... Nd8 25. Rh1 $18) 25. Nxf7 Rh5 26. Kg3 Bf5 27. N7g5 {White still is a
pawn down, but his connected and far advanced passers should decide the game
quickly. Something which did not happen at all.} Bh6 28. e6 {Winning the
exchange and keeping one dangerous pawn.} Bxg5 29. Nxg5 Rxg5+ 30. Bxg5 Bxe6 {
For some reason, White does not pay attention to the queenside. Playing on
both sides is always a good idea.} 31. Re1 (31. b4 $1 Kb7 (31... c4 32. b5 Na5
33. Re1 Bg8 34. Re7 $18) 32. bxc5 Rf8 33. Re1 $18) 31... Nd4 32. Rcd1 (32. b4
$1 cxb4 33. Bf4 c6 (33... c5 34. axb4 $18) 34. Rcd1 Nf5+ 35. Kf2 $18) 32... Bf7
33. Be3 Nf5+ 34. Kg4 Kb7 35. Bf4 Kc6 36. Rh1 Rf8 37. Rh7 Nd4 $16 {Black has
managed to reach an almost survivable position, but only the next mistake
throws White's advantage away:} 38. Rf1 $2 Be6+ $1 39. Kg5 Bc4 $1 {Suddenly,
White's pieces are hanging.} 40. Rxc7+ (40. Rf2 Ne6+ {[%csl Gc7]} 41. Kg4 (41.
Kxg6 Bd3+) 41... Rxf6 $15) 40... Kb5 41. Rf2 Ne6+ 42. Kg4 Nxc7 $11 {In the
rook and opposite coloured bishops, ending the strong f6-pawn compensates for
the small material disadvantage.} (42... Rxf6 43. Rxa7 $14) 1/2-1/2

[Event "HUN-GER m"]
[Site "Budapest"]
[Date "2004.09.16"]
[Round "1"]
[White "Balogh, Csaba"]
[Black "Kritz, Leonid"]
[Result "0-1"]
[WhiteElo "2513"]
[BlackElo "2541"]
[Annotator "Marin,M/Stoica"]
[PlyCount "112"]
[EventDate "2004.09.16"]
[EventType "team"]
[EventRounds "6"]
[EventCountry "HUN"]
[SourceTitle "CBM 104"]
[Source "ChessBase"]
[SourceDate "2005.01.27"]
[SourceVersion "1"]
[SourceVersionDate "2005.01.27"]
[SourceQuality "1"]
[WhiteTeam "Hungary"]
[BlackTeam "Germany"]
[WhiteTeamCountry "HUN"]
[BlackTeamCountry "GER"]

1. e4 e5 2. Nf3 Nc6 3. Bb5 Nf6 4. O-O Nxe4 5. d4 Nd6 6. Bxc6 dxc6 7. dxe5 Nf5
8. Qxd8+ Kxd8 9. Nc3 Ke8 10. h3 Be7 11. Bf4 Nh4 12. Nxh4 Bxh4 13. Ne4 Be7 14.
Rfe1 Be6 15. Bg5 Rd8 16. f4 Bxg5 17. Nxg5 Rd2 18. Nxe6 fxe6 19. Rac1 Rf8 20.
Re4 h5 21. Kh2 h4 22. Kg1 Kf7 23. Rc4 Kg6 24. Re1 Rfd8 25. Re3 R8d4 26. Rxd4
Rxd4 27. Rf3 Rd1+ 28. Kh2 Rd2 29. Rb3 b6 30. Rc3 c5 31. a3 Kf5 32. b4 Kxf4 33.
bxc5 b5 34. Rf3+ Kxe5 35. Rf7 Rxc2 36. Rxc7 g5 37. Rxa7 Rxc5 38. a4 bxa4 39.
Rxa4 Kf5 {The fact that the extra-pawn was quite close from the main group of
pawns is overweighted by Black's advantage of space.} 40. Ra2 $6 ({Attacking
from the eight rank would have also failed to save the game:} 40. Ra8 e5 41.
Rf8+ Ke4 42. Rg8 (42. Rf3 Kd4) 42... Kf4 43. Rf8+ Ke3 44. Rg8 e4 $19 {Luiza
Marin}) ({White should have gained some space on the king side, before the
e-pawn starts to advance and the game acquires the contours of the game
Malakhatko-Bogza. A possible saving line would have been} 40. g4+ $5 Ke5 41.
Kg2 Rc2+ 42. Kg1 Kd5 43. Ra5+ Rc5 {The pawn is not sufficiently advanced to
ignore the threat against the g5-pawn.} 44. Ra6 e5 (44... Ke5 45. Rb6) 45. Rg6
Rc3 46. Kg2 (46. Kh2 $2 e4 47. Rxg5+ Kd4 48. Rg8 Rc2+ 49. Kg1 Ke3 {and the
penetration of the king decides:} 50. g5 Rf2 51. g6 Rf6 52. g7 Rf7 $19 {
with a similar winning construction as in the game Malakhatko-Bogza.}) ({
However,} 46. Rxg5 $5 {looks playable} Rxh3 47. Rg8 Kd4 48. Kf2 $1 e4 49. g5
e3+ 50. Ke2 Rh2+ 51. Ke1 {transposing to the main line.}) 46... Rg3+ 47. Kf2 $1
(47. Kh2 $2 e4 48. Rxg5+ Kd4 49. Rg8 e3 $19) 47... Rxh3 48. Rxg5 Kd4 49. Rg8 e4
50. g5 e3+ 51. Ke2 Rh2+ 52. Ke1 h3 53. g6 Rg2 54. g7 h2 55. Rd8+ Ke4 56. Re8+
Kf4 57. Rf8+ Ke5 58. Rh8 $11 {-see the analysis from 79.Rg5 Rf3 80.Rg8, in the
game Malakhatko-Bogza,A}) 40... Rc3 41. Rf2+ Ke4 42. Rf8 Rc5 43. Rg8 Rf5 $6 ({
Black shouldn't have allowed the freeing move g4.} 43... Kf4 $142 {/\ e5-e4-/+}
) 44. g3 $6 ({Once again, more chances would have been offered by} 44. g4 $5
Ra5 (44... Rf2+ 45. Kg1 Ra2 (45... Rf3 46. Kg2 Rg3+ 47. Kf2 Rxh3 48. Rxg5) 46.
Rxg5 Kf4 47. Rb5 e5 48. Rb8 e4 49. Kf1 e3 (49... Kf3 50. Rf8+ Ke3 (50... Kg3
51. g5 Kxh3 52. Re8 $11) 51. Rb8 {and it is not clear how Black could makeany
further progress.}) 50. Rf8+ Kg3 51. g5 Kxh3 52. Rf3+ Kg4 53. Rxe3 Kxg5 54. Re2
Ra4 55. Kg2 $11 {Luiza Marin}) 45. Rg6 Ra2+ 46. Kg1 e5 47. Rxg5 Kf4 48. Rf5+
Kg3 49. Kf1 Ra1+ (49... e4 50. g5 Kxh3 51. Re5 $11 {NV}) 50. Ke2 Kxh3 51. Rxe5
(51. g5 $2 Kg4 52. Rxe5 h3 53. Re7 h2 $19) 51... Kg2 (51... Kxg4 52. Kf2 Kh3
53. Rh5 $11) 52. g5 Ra4 53. g6 Rg4 54. Rf5 $1 {Remarkably, this position would
be winning in the absence of the g-pawn. Black would play 54...Re4+, driving
the enemy king away, but the tempo needed to eliminate the passed pawn proves
of decisive importance.} Rxg6 55. Rf2+ Kg1 56. Rf1+ Kh2 57. Rf2+ Rg2 58. Kf1 h3
59. Rf3 $11) 44... Kf3 $1 $17 45. gxh4 ({Now} 45. g4 {would have come one move
too late:} Ra5 46. Rf8+ Ke3 47. Rf6 e5 48. Rf5 Ra2+ 49. Kg1 e4 50. Rxg5 Kf3 (
50... Rf2 $6 51. Rf5 $1) 51. Rg8 e3 52. Rf8+ Ke2 $1 (52... Kg3 $6 53. Kf1) 53.
g5 Ra5 $19 {with the same winning plan as in the game Malakhatko-Bogza.}) 45...
gxh4 46. Ra8 e5 47. Ra3+ Kf4 48. Ra1 e4 $19 49. Rf1+ Ke5 50. Re1 Rf2+ 51. Kg1
Rf3 52. Kg2 Kf4 53. Ra1 Rg3+ 54. Kh2 e3 55. Ra4+ Kf3 56. Rxh4 e2 0-1